UFC, How Much Do You Know #1 - Statistics

General Stats
  • This quiz has been taken 477 times
  • The average score is 8 of 10
Answer Stats
Question Answer % Correct
Which UFC fighter is known by the nickname "The Notorious"? Conor McGregor
98%
Which fighter is known for the nickname "The Eagle"? Khabib Nurmagomedov
96%
What does "TKO" stand for in MMA? Technical Knock Out
96%
Who holds the record for the fastest knockout in UFC history? Jorge Masvidal
95%
Which country is Israel Adesanya from? Nigeria
90%
What weight class is called "Featherweight" in the UFC? 145 lbs
87%
Who has the most title wins in UFC history? Jon Jones
66%
Who was the first champion in UFC history? Royce Gracie
61%
What year was the UFC founded? 1993
58%
What is the name of the UFC's parent company? Endeavor
25%
No matching quizzes found
Score Distribution
Percent of People with Each Score
Percentile by Number Answered
Your Score History
You have not taken this quiz